00849nac a22002291u 4500010001700000020002200017082001300039090001500052100003400067245010700101250001200208260007200220300003600292500002600328504005100354511002500405650001600430700002700446942001500473999001500488952011600503 a 2004053296 a0273687689 (pbk.)00a658bHAN c7062d7062 aHannagan, Tim. 10aManagement :bconcepts & practices /cTim Hannagan with contributions from Roger Bennett ... [et al.]. a4th ed. aUpper Saddle River, NJ :bFinancial Times/Prentice Hall,2004c2004. axxiii, 695 p. :bill. ;c25 cm. adistributer: Al-Ahram aIncludes bibliographical references and index. acatalogue by: wessam 0aManagement.1 aBennett, Roger,d1944- cBBk658HAN c7062d7062 00104070aMAINbMAINc1STd2012-12-07ePurchasel1m1o658HANp000008244r2025-07-15 00:00:00s2018-04-23yBB